000 00703nam a22002297a 4500
001 BR9500339
003 BR-BrBNA
005 20230928094419.0
007 ta
008 230509b bl.||||| |||| 00| 0 por d
040 _aBR-BrBNA
_bpor
_cBiblioteca Nacional de Agricultura
041 _a(Por)
072 _aD10
090 _ D10 BR9500339
110 1 _aMinisterio da Agricultura, Brasilia, DF (Brasil). Escritorio de Producao Animal
_96811
245 1 _aProjeto de regimento do Departamento Nacional de Defesa, Inspecao e Producao Animal
260 3 _aBrasilia, DF (Brasil):
_c[nd].
300 _a52 p.
650 _aAdministracao Publica
909 _a202309
_bLucia
_c55
_dLucia Elande
942 _cBK
999 _c50597
_d50597